[Event "Sydney International Challengers"]
[Site "Parramatta, NSW"]
[Date "2010.04.09"]
[Round "5.16"]
[White "Nakauchi, Ray"]
[Black "Chibnall, Alana"]
[Result "0-1"]
[WhiteElo "541"]
[BlackElo "1513"]
[PlyCount "62"]
[EventDate "2010.04.07"]
[EventType "swiss"]
[EventRounds "9"]
[EventCountry "AUS"]
[SourceDate "2010.04.07"]

1. d4 Nf6 2. c4 c5 3. Nf3 cxd4 4. Nxd4 Nc6 5. Nxc6 bxc6 6. Nc3 d5 7. e3 e5 8.
cxd5 cxd5 9. Ne2 Ne4 10. Bd2 Rb8 11. Rb1 Nxd2 12. Qxd2 Bb4 13. Nc3 d4 14. exd4
exd4 15. Qe2+ Be6 16. Qe4 dxc3 17. Ke2 Qd2+ 18. Kf3 c2 19. Be2 cxb1=Q 20. Rxb1
Qd5 21. Qxd5 Bxd5+ 22. Kg3 O-O 23. a3 Bxa3 24. Ra1 Bd6+ 25. f4 Rxb2 26. Kf2 Re8
27. Re1 Bb4 28. Rd1 Rexe2+ 29. Kf1 Bxg2+ 30. Kg1 Bc5+ 31. Rd4 Re1# 0-1

[Event "Sydney International Challengers"]
[Site "Parramatta, NSW"]
[Date "2010.04.09"]
[Round "5.18"]
[White "Ansell, John"]
[Black "Bortsova, Natasha"]
[Result "0-1"]
[WhiteElo "1321"]
[BlackElo "1247"]
[PlyCount "70"]
[EventDate "2010.04.07"]
[EventType "swiss"]
[EventRounds "9"]
[EventCountry "AUS"]
[SourceDate "2010.04.07"]

1. d4 Nf6 2. Nf3 e6 3. Bf4 b6 4. e3 Bb7 5. Be2 d5 6. O-O Be7 7. c4 O-O 8. Nc3
c5 9. a3 Nbd7 10. Qd2 dxc4 11. Bxc4 Bxf3 12. gxf3 cxd4 13. exd4 Qc8 14. Ba2 Rd8
15. Rac1 Qb7 16. Qe3 Nh5 17. Bg3 Nxg3 18. hxg3 Bf6 19. Rfd1 Nf8 20. Ne4 Qe7 21.
Nxf6+ Qxf6 22. Kg2 Rac8 23. Rxc8 Rxc8 24. Rd2 h6 25. d5 exd5 26. Bxd5 Qf5 27.
b3 Qh5 28. Qe7 Rc1 29. Qh4 Qe5 30. Rd4 Qe1 31. f4 Rc2 32. g4 Ng6 33. Qd8+ Kh7
34. Rd3 Qxf2+ 35. Kh3 Qh2# 0-1

[Event "Sydney International Challengers"]
[Site "Parramatta, NSW"]
[Date "2010.04.09"]
[Round "5.19"]
[White "Jones, Peter"]
[Black "Accola, Tom"]
[Result "1-0"]
[WhiteElo "1834"]
[BlackElo "839"]
[PlyCount "61"]
[EventDate "2010.04.07"]
[EventType "swiss"]
[EventRounds "9"]
[EventCountry "AUS"]
[SourceDate "2010.04.07"]

1. Nf3 d6 2. e4 c5 3. Bb5+ Bd7 4. Bc4 Nf6 5. Ng5 Be6 6. Bxe6 fxe6 7. Nxe6 Qd7
8. Nxf8 Kxf8 9. Qf3 Qg4 10. Qxg4 Nxg4 11. O-O Ne5 12. f4 Ng4 13. b3 Nf6 14. d3
Nbd7 15. Nc3 e6 16. Nb5 d5 17. e5 Ng4 18. f5 Re8 19. fxe6+ Ke7 20. exd7 Ref8
21. Bg5+ Kxd7 22. Rae1 Rxf1+ 23. Rxf1 Nxe5 24. Nxa7 d4 25. Rf5 Ng6 26. Rxc5 Ra8
27. Ra5 b6 28. Ra4 Kc7 29. Nb5+ Kb7 30. Rxa8 Kxa8 31. Nxd4 1-0

[Event "Sydney International Challengers"]
[Site "Parramatta, NSW"]
[Date "2010.04.09"]
[Round "5.20"]
[White "Christian, Kashish"]
[Black "Tracey, Michael"]
[Result "0-1"]
[WhiteElo "654"]
[BlackElo "1370"]
[PlyCount "148"]
[EventDate "2010.04.07"]
[EventType "swiss"]
[EventRounds "9"]
[EventCountry "AUS"]
[SourceDate "2010.04.07"]

1. e4 c5 2. Nf3 Nc6 3. Nc3 d6 4. h3 g6 5. Bc4 Bg7 6. Ng5 e6 7. d3 Nf6 8. Be3
O-O 9. O-O h6 10. Nf3 a6 11. a4 b6 12. Qd2 Kh7 13. Rfe1 Bb7 14. d4 cxd4 15.
Bxd4 Nxd4 16. Nxd4 Re8 17. Bd3 Nd7 18. Nf3 Ne5 19. Be2 Qc7 20. Kf1 Nc4 21. Bxc4
Qxc4+ 22. Kg1 Rad8 23. Qd3 Qc7 24. Ra2 Bxc3 25. Qxc3 Qxc3 26. bxc3 Rc8 27. Ra3
Rc7 28. Rb3 Rc6 29. a5 b5 30. e5 d5 31. Nd4 Rc4 32. Ra1 Rec8 33. Raa3 Kg7 34.
g4 Kf8 35. f3 Ke7 36. Kf2 f6 37. f4 Ba8 38. Ke3 fxe5 39. fxe5 Rf8 40. Rb4 Rf1
41. h4 Rh1 42. g5 Rxh4 43. gxh6 Rxh6 44. Kf4 Rh5 45. Rbb3 Rc8 46. Kg4 Rxe5 47.
Kf4 Rh5 48. Ra1 Rf8+ 49. Kg4 e5 50. Re1 Kd6 51. Nf3 Rff5 52. Nd2 Rf4+ 53. Kg3
Rg5+ 54. Kh3 Rf2 55. Rd1 Rf8 56. Kh4 Rh5+ 57. Kg4 Rf2 58. Kg3 Rhf5 59. Rbb1 d4
60. Rg1 Rxd2 61. cxd4 Rxd4 62. Rbd1 Kd5 63. Rxd4+ Kxd4 64. Kh2 Rh5+ 65. Kg3
Rg5+ 66. Kh2 Rxg1 67. Kxg1 Ke3 68. Kh2 Kf2 69. Kh3 e4 70. Kg4 e3 71. Kg5 Be4
72. Kf4 Bf5 73. c3 e2 74. Kg5 e1=Q 0-1

[Event "Sydney International Challengers"]
[Site "Parramatta, NSW"]
[Date "2010.04.09"]
[Round "5.22"]
[White "Willathgamuwa, Rowan"]
[Black "Roche, Stephen"]
[Result "0-1"]
[WhiteElo "424"]
[BlackElo "1168"]
[PlyCount "62"]
[EventDate "2010.04.07"]
[EventType "swiss"]
[EventRounds "9"]
[EventCountry "AUS"]
[SourceDate "2010.04.07"]

1. e4 e5 2. Nf3 Nc6 3. d4 exd4 4. Nxd4 d6 5. Nc3 Nf6 6. Nxc6 bxc6 7. Bc4 Nxe4
8. Nxe4 d5 9. Bxd5 cxd5 10. Nc3 Be6 11. Qd3 a6 12. O-O Be7 13. Rd1 c6 14. b3
O-O 15. Bb2 Bd6 16. Ne2 c5 17. Qc3 d4 18. Qd3 Bg4 19. f3 Be6 20. c3 Qh4 21. g3
Qg5 22. cxd4 cxd4 23. Qxd4 Bc5 24. h4 Bxd4+ 25. Bxd4 Qb5 26. Nf4 Rac8 27. Nh5
Qxh5 28. f4 Qf3 29. Rf1 Qxg3+ 30. Kh1 Bd5+ 31. Rf3 Bxf3# 0-1

[Event "Sydney International Challengers"]
[Site "Parramatta, NSW"]
[Date "2010.04.09"]
[Round "5.24"]
[White "Lin, Mark"]
[Black "Mithran, Mishael"]
[Result "1-0"]
[WhiteElo "775"]
[BlackElo "667"]
[PlyCount "153"]
[EventDate "2010.04.07"]
[EventType "swiss"]
[EventRounds "9"]
[EventCountry "AUS"]
[SourceDate "2010.04.07"]

1. e4 e5 2. Nf3 d6 3. Bc4 Bg4 4. d3 Nc6 5. Be3 Nf6 6. c3 Be7 7. Nbd2 O-O 8. Qb3
Na5 9. Qb5 c6 10. Qb4 d5 11. Bc5 Bxc5 12. Qxc5 dxc4 13. Nxe5 b6 14. Qe3 cxd3
15. f3 Be6 16. b4 Nb7 17. Nxc6 Qc7 18. b5 Nd6 19. a4 a6 20. e5 Nf5 21. Qxd3 Nd5
22. O-O axb5 23. axb5 Nde7 24. g4 Nh6 25. Qd6 Qxd6 26. exd6 Nd5 27. c4 Ne3 28.
Rfc1 f5 29. h3 Rxa1 30. Rxa1 Bxc4 31. Nxc4 Nxc4 32. d7 Nf7 33. Rd1 Nd8 34. Re1
Kf7 35. gxf5 Nd6 36. Nd4 h6 37. Kg2 g5 38. fxg6+ Kxg6 39. Ne6 Rg8 40. Nxd8 Rxd8
41. Re6+ Kf7 42. Rxd6 Ke7 43. Rxh6 Rg8+ 44. Kf2 Kxd7 45. Rxb6 Kc7 46. Rh6 Rg5
47. Ke3 Rxb5 48. Ke4 Rb4+ 49. Kf5 Rb5+ 50. Kg4 Rb4+ 51. f4 Kd7 52. Kg5 Rb5+ 53.
f5 Ke7 54. Rh7+ Kd6 55. Kg6 Rb6 56. f6 Ke5 57. Re7+ Kd5 58. Kg7 Kd6 59. f7 Kxe7
60. f8=Q+ Kd7 61. Qc5 Rc6 62. Qxc6+ Kxc6 63. h4 Kd5 64. h5 Ke5 65. h6 Ke6 66.
h7 Kd5 67. h8=Q Kc4 68. Qd8 Kc3 69. Qd5 Kb2 70. Qd3 Kc1 71. Qe2 Kb1 72. Qd2 Ka1
73. Kf6 Kb1 74. Ke5 Ka1 75. Kd4 Kb1 76. Kc3 Ka1 77. Qb2# 1-0

[Event "Sydney International Challengers"]
[Site "Parramatta, NSW"]
[Date "2010.04.09"]
[Round "6.1"]
[White "Chau, Bernard"]
[Black "Stahnke, Alexander"]
[Result "0-1"]
[WhiteElo "1517"]
[BlackElo "1800"]
[PlyCount "70"]
[EventDate "2010.04.07"]
[EventType "swiss"]
[EventRounds "9"]
[EventCountry "AUS"]
[SourceDate "2010.04.07"]

1. d4 g6 2. c4 Bg7 3. Nc3 b6 4. Nf3 Bb7 5. e4 d6 6. Be3 Nd7 7. g3 h6 8. Bg2 e6
9. Rb1 Ne7 10. Qc2 f5 11. Nd2 e5 12. d5 O-O 13. Ne2 Nf6 14. f4 fxe4 15. Nxe4
Nf5 16. Bf2 Ng4 17. Bh3 Nxf2 18. Nxf2 exf4 19. Nxf4 Qe7+ 20. Ne6 Bc8 21. Qe4
Bxe6 22. dxe6 Rae8 23. O-O Qxe6 24. Qd3 Kh8 25. Rbe1 Qxe1 26. Rxe1 Rxe1+ 27.
Bf1 Ne3 28. Qxe3 Rxe3 29. Ng4 Re1 30. Kg2 Rexf1 31. b4 h5 32. Ne3 R8f2+ 33. Kh3
Rh1 34. Ng2 g5 35. c5 Bf6 0-1

[Event "Sydney International Challengers"]
[Site "Parramatta, NSW"]
[Date "2010.04.09"]
[Round "6.2"]
[White "Wan, Dennis"]
[Black "Dale, Ari"]
[Result "1-0"]
[WhiteElo "1537"]
[BlackElo "1388"]
[PlyCount "59"]
[EventDate "2010.04.07"]
[EventType "swiss"]
[EventRounds "9"]
[EventCountry "AUS"]
[SourceDate "2010.04.07"]

1. d4 Nf6 2. Nc3 g6 3. e4 d6 4. h3 Bg7 5. Bf4 O-O 6. Qd2 Re8 7. Bh6 Bh8 8.
O-O-O c6 9. g4 b5 10. g5 Nfd7 11. h4 Nf8 12. Bxf8 Rxf8 13. h5 gxh5 14. Be2 a5
15. Rxh5 Re8 16. Nf3 Nd7 17. Rdh1 Nf8 18. g6 fxg6 19. Rxh7 Nxh7 20. Qh6 Bg7 21.
Qxh7+ Kf8 22. Qxg6 e6 23. e5 Qe7 24. Ng5 dxe5 25. dxe5 Qb7 26. Nh7+ Ke7 27.
Qxg7+ Kd8 28. Rd1+ Bd7 29. Nf8 Re7 30. Qf6 1-0

[Event "Sydney International Challengers"]
[Site "Parramatta, NSW"]
[Date "2010.04.09"]
[Round "6.3"]
[White "Wan, Kinto"]
[Black "Pan, Andrew"]
[Result "0-1"]
[WhiteElo "1538"]
[BlackElo "1741"]
[PlyCount "86"]
[EventDate "2010.04.07"]
[EventType "swiss"]
[EventRounds "9"]
[EventCountry "AUS"]
[SourceDate "2010.04.07"]

1. e4 c6 2. d4 d5 3. e5 Bf5 4. g4 Bg6 5. h4 h5 6. g5 e6 7. Bd3 Bxd3 8. Qxd3 Ne7
9. Ne2 Nd7 10. c3 g6 11. Be3 Qc7 12. Nd2 a6 13. a4 c5 14. O-O Bg7 15. b4 cxb4
16. cxb4 Nf5 17. Rfc1 Qd8 18. Nf3 Nb6 19. Ng3 Nxg3 20. fxg3 Nc4 21. a5 O-O 22.
Nd2 Nxd2 23. Bxd2 Qd7 24. b5 Rfc8 25. Rxc8+ Qxc8 26. Rb1 Bf8 27. Qc3 Qd7 28.
bxa6 bxa6 29. Qb3 Rc8 30. Qb7 Qxb7 31. Rxb7 Rc4 32. Rb6 Rxd4 33. Be1 Rd1 34.
Kf1 Bc5 35. Rb8+ Kg7 36. Ke2 Ra1 37. Ra8 Ra2+ 38. Kd1 d4 39. Rxa6 d3 40. Bc3
Rh2 41. Rc6 Be3 42. Rd6 Rh1+ 43. Be1 Bf2 0-1

[Event "Sydney International Challengers"]
[Site "Parramatta, NSW"]
[Date "2010.04.09"]
[Round "6.4"]
[White "Webster, David"]
[Black "Weller, Tony"]
[Result "0-1"]
[WhiteElo "1812"]
[BlackElo "1708"]
[PlyCount "76"]
[EventDate "2010.04.07"]
[EventType "swiss"]
[EventRounds "9"]
[EventCountry "AUS"]
[SourceDate "2010.04.07"]

1. e4 c5 2. Nf3 e6 3. d3 Nc6 4. Nbd2 d5 5. g3 Nf6 6. Bg2 Qc7 7. O-O b6 8. Re1
Bb7 9. e5 Nd7 10. Qe2 g6 11. Nf1 Bg7 12. Bf4 O-O 13. h4 Rac8 14. N1h2 Nd4 15.
Qd2 Nxf3+ 16. Nxf3 d4 17. Qe2 b5 18. h5 Nb6 19. hxg6 fxg6 20. Ng5 Bxg2 21. Kxg2
Nd5 22. Nxe6 Qc6 23. Qe4 Qxe6 24. Bd2 Rf7 25. Rh1 Qxe5 26. Qh4 h5 27. Rae1 Qf5
28. f4 Bf6 29. Qh2 Re7 30. Rxe7 Bxe7 31. Re1 Bf6 32. Qg1 Kf7 33. Re4 c4 34. Qe1
cxd3 35. cxd3 Rc2 36. Kg1 Qh3 37. Re2 h4 38. Rg2 Ne3 0-1

[Event "Sydney International Challengers"]
[Site "Parramatta, NSW"]
[Date "2010.04.09"]
[Round "6.5"]
[White "Tenorio, Leonardo"]
[Black "Fernandez, Michael"]
[Result "1-0"]
[WhiteElo "1644"]
[BlackElo "1358"]
[PlyCount "61"]
[EventDate "2010.04.07"]
[EventType "swiss"]
[EventRounds "9"]
[EventCountry "AUS"]
[SourceDate "2010.04.07"]

1. e4 c5 2. Nf3 d6 3. d4 cxd4 4. Nxd4 Nf6 5. Nc3 g6 6. Be2 Bg7 7. Be3 Nc6 8.
Nb3 Bd7 9. f3 Rc8 10. f4 Na5 11. Nxa5 Qxa5 12. O-O Qb4 13. e5 Qxb2 14. exf6
Bxf6 15. Nd5 Rxc2 16. Nxf6+ exf6 17. Bd4 Qb4 18. Qxc2 Qxd4+ 19. Kh1 O-O 20. Qd3
Qb6 21. Rab1 Qc7 22. Bf3 b6 23. Rbc1 Qb8 24. Rfe1 Be6 25. a3 d5 26. Qd4 f5 27.
Qe5 Qb7 28. Rc7 Qa6 29. Qf6 Qb5 30. h3 Re8 31. Rxe6 1-0

[Event "Sydney International Challengers"]
[Site "Parramatta, NSW"]
[Date "2010.04.09"]
[Round "6.6"]
[White "Beahan, Patrick"]
[Black "Koh, Cedric"]
[Result "1-0"]
[WhiteElo "1301"]
[BlackElo "1461"]
[PlyCount "101"]
[EventDate "2010.04.07"]
[EventType "swiss"]
[EventRounds "9"]
[EventCountry "AUS"]
[SourceDate "2010.04.07"]

1. e4 e5 2. Nf3 Nc6 3. Bb5 a6 4. Ba4 Nf6 5. O-O Be7 6. Re1 b5 7. Bb3 O-O 8. c3
d5 9. exd5 Nxd5 10. Nxe5 Nxe5 11. Rxe5 c6 12. d4 Bd6 13. Re1 Qh4 14. g3 Qh3 15.
Be3 Bg4 16. Qd3 Rae8 17. Bxd5 cxd5 18. Nd2 f5 19. f4 g5 20. Qf1 Qh5 21. a4 Bh3
22. Qf3 Qf7 23. axb5 axb5 24. b4 Kh8 25. Nb3 Qc7 26. Nc5 Re7 27. Qxd5 Rfe8 28.
Ra8 gxf4 29. Ne6 Qxc3 30. Bf2 fxg3 31. Rxe8+ Rxe8 32. Qxd6 gxf2+ 33. Kxf2 Qd2+
34. Re2 Qh6 35. Qe5+ Kg8 36. d5 Qh4+ 37. Qg3+ Qxg3+ 38. Kxg3 Bg4 39. Re5 h5 40.
h3 f4+ 41. Kxf4 Bxh3 42. Rxh5 Bxe6 43. dxe6 Rxe6 44. Rxb5 Kf7 45. Kf5 Re1 46.
Rc5 Kf8 47. b5 Rb1 48. Ke6 Re1+ 49. Kd6 Ke8 50. b6 Rb1 51. Kc7 1-0

[Event "Sydney International Challengers"]
[Site "Parramatta, NSW"]
[Date "2010.04.09"]
[Round "6.7"]
[White "Bleicher, Horst"]
[Black "Dickson, Ian"]
[Result "0-1"]
[WhiteElo "1442"]
[BlackElo "1537"]
[PlyCount "112"]
[EventDate "2010.04.07"]
[EventType "swiss"]
[EventRounds "9"]
[EventCountry "AUS"]
[SourceDate "2010.04.07"]

1. d4 Nf6 2. c4 Nc6 3. Nf3 e6 4. e3 Bb4+ 5. Nc3 Ne4 6. Qc2 f5 7. Bd3 Nxc3 8.
bxc3 Be7 9. O-O O-O 10. a4 d6 11. d5 Ne5 12. Nxe5 dxe5 13. Ba3 Bxa3 14. Rxa3
exd5 15. cxd5 Qxd5 16. Rd1 Qc5 17. Qb3+ Kh8 18. Qb4 Qxb4 19. cxb4 Be6 20. Rc3
c6 21. Bc4 Bxc4 22. Rxc4 Rad8 23. Rxd8 Rxd8 24. Kf1 Rd5 25. Ke2 Kg8 26. f3 Kf7
27. e4 fxe4 28. Rxe4 Kf6 29. h4 b6 30. g4 Rd4 31. a5 c5 32. axb6 axb6 33. bxc5
bxc5 34. Re3 Rd6 35. Rc3 Rc6 36. Ke3 Ke6 37. Ke4 c4 38. Rc1 Kd6 39. Rd1+ Kc5
40. Kxe5 c3 41. Rc1 Kc4 42. Ke4 Re6+ 43. Kf5 Re7 44. f4 Kd3 45. h5 Kd2 46. Rf1
c2 47. Ra1 c1=Q 48. Rxc1 Kxc1 49. Kg5 Re6 50. f5 h6+ 51. Kf4 Rc6 52. g5 hxg5+
53. Kxg5 Rh6 54. Kg4 Kd2 55. Kh4 Ke3 56. Kg5 Ke4 0-1

[Event "Sydney International Challengers"]
[Site "Parramatta, NSW"]
[Date "2010.04.09"]
[Round "6.8"]
[White "Simmonds, Leteisha"]
[Black "Eustace, Sophie"]
[Result "0-1"]
[WhiteElo "1424"]
[BlackElo "1451"]
[PlyCount "122"]
[EventDate "2010.04.07"]
[EventType "swiss"]
[EventRounds "9"]
[EventCountry "AUS"]
[SourceDate "2010.04.07"]

1. e4 c5 2. Nf3 Nc6 3. c3 e6 4. d4 cxd4 5. cxd4 Nf6 6. Nc3 d6 7. a3 a6 8. Bc4
Be7 9. Qd3 b5 10. Ba2 Bb7 11. O-O b4 12. Ne2 O-O 13. Re1 Rc8 14. Nf4 Qd7 15. d5
exd5 16. Nxd5 Nxd5 17. Bxd5 bxa3 18. Qxa3 h6 19. Bf4 Ne5 20. Bxb7 Qxb7 21. Qxa6
Qxa6 22. Rxa6 Nd3 23. Bxd6 Nxe1 24. Nxe1 Bxd6 25. Rxd6 Rc1 26. Kf1 Re8 27. f3
Rb8 28. Rd2 Rb1 29. Ke2 R8xb2 30. Rxb2 Rxb2+ 31. Ke3 Kf8 32. f4 Ke7 33. Kf3 Kd6
34. Nd3 Rb3 35. Ke2 Rb1 36. h3 f6 37. g4 Kc6 38. Kf2 Rh1 39. Kg2 Rd1 40. Nf2
Rd2 41. Kf3 Kc5 42. Ke3 Ra2 43. f5 Ra3+ 44. Kf4 Kd4 45. h4 Ra2 46. Kf3 Rxf2+
47. Kxf2 Kxe4 48. Kg3 h5 49. gxh5 Kxf5 50. Kf3 Ke5 51. Kg4 Ke4 52. h6 gxh6 53.
Kh5 f5 54. Kxh6 f4 55. h5 f3 56. Kg7 f2 57. h6 f1=Q 58. h7 Qg1+ 59. Kf7 Qa7+
60. Kg8 Kf5 61. h8=Q Kg6 0-1

[Event "Sydney International Challengers"]
[Site "Parramatta, NSW"]
[Date "2010.04.09"]
[Round "6.9"]
[White "Plant, John Stuart"]
[Black "Chau, Adrian"]
[Result "0-1"]
[WhiteElo "1700"]
[BlackElo "1665"]
[PlyCount "66"]
[EventDate "2010.04.07"]
[EventType "swiss"]
[EventRounds "9"]
[EventCountry "AUS"]
[SourceDate "2010.04.07"]

1. e4 c5 2. c3 Nf6 3. e5 Nd5 4. d4 cxd4 5. cxd4 e6 6. Nf3 Be7 7. Bd3 O-O 8. h4
f5 9. g4 Nb4 10. gxf5 Nxd3+ 11. Qxd3 Rxf5 12. Bg5 Nc6 13. a3 b6 14. Rg1 Bb7 15.
Nbd2 Na5 16. Ne4 Bxe4 17. Qxe4 Bxg5 18. Nxg5 Qf8 19. Rc1 h6 20. Nh3 Rc8 21.
Rxc8 Qxc8 22. Kd1 Qc4 23. Nf4 Nc6 24. Ne2 Rxf2 25. Qe3 Rf7 26. b3 Qd5 27. Kc1
Kh8 28. Rg3 Qh1+ 29. Kb2 Qf1 30. Rg1 Qf2 31. Rg3 Nxd4 32. Qxd4 Qxe2+ 33. Kc3
Qe1+ 0-1

[Event "Sydney International Challengers"]
[Site "Parramatta, NSW"]
[Date "2010.04.09"]
[Round "6.10"]
[White "Canfell, Mike J"]
[Black "Zhou, Thomas"]
[Result "1-0"]
[WhiteElo "1587"]
[BlackElo "1271"]
[PlyCount "89"]
[EventDate "2010.04.07"]
[EventType "swiss"]
[EventRounds "9"]
[EventCountry "AUS"]
[SourceDate "2010.04.07"]

1. e4 c5 2. Nf3 e6 3. d4 cxd4 4. Nxd4 Nf6 5. Nc3 Nc6 6. Ndb5 d6 7. Bf4 e5 8.
Bg5 a6 9. Na3 b5 10. Nd5 Be7 11. Bxf6 Bxf6 12. c3 O-O 13. Nc2 Bb7 14. a4 Bg5
15. axb5 axb5 16. Bxb5 Ne7 17. Ncb4 Ra5 18. c4 Qa8 19. Rxa5 Qxa5 20. Qa4 Qxa4
21. Bxa4 Ra8 22. b3 f5 23. f3 Nxd5 24. exd5 e4 25. fxe4 fxe4 26. Ke2 Rf8 27.
Rf1 Rxf1 28. Kxf1 Kf7 29. Bd7 Kf6 30. Ke2 Ke5 31. Nc2 h5 32. Ne3 g6 33. Nc2 Kf6
34. Nd4 Ke7 35. Be6 Kd8 36. Nb5 Ke7 37. Nc3 e3 38. h3 Ba6 39. Nd1 h4 40. Nxe3
Bxe3 41. Kxe3 Kd8 42. Kf4 Bc8 43. Bxc8 Kxc8 44. Kg5 Kb7 45. b4 1-0

[Event "Sydney International Challengers"]
[Site "Parramatta, NSW"]
[Date "2010.04.09"]
[Round "6.11"]
[White "Chen, Vincent"]
[Black "Mithran, Mirakla"]
[Result "1/2-1/2"]
[WhiteElo "1439"]
[BlackElo "1239"]
[PlyCount "80"]
[EventDate "2010.04.07"]
[EventType "swiss"]
[EventRounds "9"]
[EventCountry "AUS"]
[SourceDate "2010.04.07"]

1. e4 c5 2. c3 d5 3. exd5 Qxd5 4. d4 Nc6 5. Nf3 Bg4 6. Be2 e6 7. h3 Bh5 8. O-O
Nf6 9. Be3 cxd4 10. Nxd4 Bxe2 11. Qxe2 Nxd4 12. Bxd4 Be7 13. Nd2 O-O 14. Rfd1
a6 15. Nf3 Qc6 16. Ne5 Qc7 17. Rd3 Bc5 18. Rad1 h6 19. Ng4 Nxg4 20. Qxg4 Bxd4
21. Qxd4 g6 22. Qf6 Qb6 23. R1d2 Qa5 24. a3 Qc7 25. Rd7 Qc6 26. Re7 Rae8 27.
Red7 Rc8 28. Re7 Rc7 29. Rxc7 Qxc7 30. Qd4 Qe7 31. Qd7 Re8 32. c4 Kf8 33. Qd4
Kg8 34. Qd7 Kf8 35. Qd4 e5 36. Qe3 Kg7 37. Qe4 Qg5 38. Re2 Qe7 39. f4 Qc5+ 40.
Kh1 Rc8 1/2-1/2

[Event "Sydney International Challengers"]
[Site "Parramatta, NSW"]
[Date "2010.04.09"]
[Round "6.12"]
[White "Chibnall, Alana"]
[Black "Reynolds, Paul"]
[Result "0-1"]
[WhiteElo "1513"]
[BlackElo "1443"]
[PlyCount "60"]
[EventDate "2010.04.07"]
[EventType "swiss"]
[EventRounds "9"]
[EventCountry "AUS"]
[SourceDate "2010.04.07"]

1. e4 d6 2. d4 Nf6 3. Bd3 g6 4. c4 Bg7 5. f3 Nc6 6. Be3 O-O 7. Qd2 Re8 8. Ne2
e5 9. d5 Ne7 10. Bh6 Nd7 11. g4 Nc5 12. Bc2 Nf5 13. Bg5 f6 14. exf5 fxg5 15.
fxg6 h6 16. b4 e4 17. Nec3 exf3+ 18. Kf1 Bxg4 19. h3 Re2 20. Nxe2 fxe2+ 21. Ke1
Bf3 22. Rg1 Bxa1 23. bxc5 dxc5 24. h4 Bd4 25. Rg3 Qf6 26. hxg5 hxg5 27. Qxg5
Bc3+ 28. Nxc3 Qxc3+ 29. Qd2 Qa1+ 30. Kf2 Qf1+ 0-1

[Event "Sydney International Challengers"]
[Site "Parramatta, NSW"]
[Date "2010.04.09"]
[Round "6.13"]
[White "Greenwood, Norman"]
[Black "Ross, Bill"]
[Result "1-0"]
[WhiteElo "1355"]
[BlackElo "1345"]
[PlyCount "105"]
[EventDate "2010.04.07"]
[EventType "swiss"]
[EventRounds "9"]
[EventCountry "AUS"]
[SourceDate "2010.04.07"]

1. d4 Nf6 2. Nf3 g6 3. e3 Bg7 4. Bd3 d6 5. Nbd2 O-O 6. b3 c5 7. Bb2 cxd4 8.
exd4 Nc6 9. c3 a6 10. O-O b5 11. Rc1 Bb7 12. Ng5 Qd7 13. Nge4 Nd8 14. f3 Ne6
15. Re1 Nf4 16. Nf1 Nxd3 17. Qxd3 Nh5 18. Qe3 Rae8 19. Nfg3 Nxg3 20. Nxg3 d5
21. Rc2 e6 22. Ba3 Rc8 23. Bxf8 Bxf8 24. Ne2 b4 25. Rec1 a5 26. cxb4 Rxc2 27.
Rxc2 Bxb4 28. Qc1 Ba6 29. Kf2 Qb5 30. a4 Qd3 31. Qb2 Qd1 32. Rc1 Be1+ 33. Kf1
Bc3+ 34. Rxd1 Bxb2 35. Kf2 Ba3 36. Rd2 Bb4 37. Rc2 Bd3 38. Rc8+ Kg7 39. Ke3 Ba6
40. Rc6 Bxe2 41. Kxe2 h5 42. h4 Kf6 43. Rc7 Bd6 44. Ra7 Bb4 45. Rb7 Bc3 46. Kd3
Be1 47. Rb5 g5 48. hxg5+ Kxg5 49. Ke2 Bc3 50. Kd3 Be1 51. b4 axb4 52. a5 b3 53.
a6 1-0

[Event "Sydney International Challengers"]
[Site "Parramatta, NSW"]
[Date "2010.04.09"]
[Round "6.14"]
[White "Behar, Joshua"]
[Black "Anderson Smith, William T"]
[Result "0-1"]
[WhiteElo "1423"]
[BlackElo "1560"]
[PlyCount "30"]
[EventDate "2010.04.07"]
[EventType "swiss"]
[EventRounds "9"]
[EventCountry "AUS"]
[SourceDate "2010.04.07"]

1. e4 e6 2. d4 d5 3. Nd2 c5 4. c3 Nc6 5. Ngf3 Nf6 6. e5 Nd7 7. Bd3 Qb6 8. Qa4
cxd4 9. cxd4 Be7 10. O-O O-O 11. Re1 f6 12. Bb5 fxe5 13. Bxc6 bxc6 14. Nxe5
Nxe5 15. dxe5 Qxf2+ 0-1

[Event "Sydney International Challengers"]
[Site "Parramatta, NSW"]
[Date "2010.04.09"]
[Round "6.15"]
[White "Koh, Clarise"]
[Black "Bortsova, Natasha"]
[Result "0-1"]
[WhiteElo "1298"]
[BlackElo "1247"]
[PlyCount "100"]
[EventDate "2010.04.07"]
[EventType "swiss"]
[EventRounds "9"]
[EventCountry "AUS"]
[SourceDate "2010.04.07"]

1. e4 d6 2. d4 Nf6 3. Nc3 g6 4. Nf3 Bg7 5. Bc4 O-O 6. Be3 Nxe4 7. Bxf7+ Rxf7 8.
Nxe4 Bg4 9. Neg5 Rf8 10. h3 Bxf3 11. gxf3 Qd7 12. d5 Bxb2 13. Rb1 Bc3+ 14. Bd2
Bxd2+ 15. Qxd2 c6 16. Ne6 Rf7 17. c4 Na6 18. Qh6 Nc5 19. Ng5 Rg7 20. Ne4 Qf5
21. Qe3 cxd5 22. cxd5 Qxd5 23. Nxc5 dxc5 24. O-O b6 25. a4 Rf8 26. Qe4 Qxe4 27.
fxe4 Rf3 28. Kg2 Ra3 29. Ra1 Rxa1 30. Rxa1 e5 31. Rc1 Rd7 32. a5 Rd4 33. f3 Kf7
34. Kf2 Ke6 35. Ke3 g5 36. h4 h6 37. hxg5 hxg5 38. axb6 axb6 39. Rb1 Rb4 40.
Rh1 c4 41. Kd2 Rb3 42. Rc1 b5 43. Ke2 c3 44. Kd3 b4 45. Kc4 Rb2 46. Rf1 c2 47.
Rc1 b3 48. Kc3 Rb1 49. Rxc2 bxc2 50. Kxc2 Rf1 0-1

[Event "Sydney International Challengers"]
[Site "Parramatta, NSW"]
[Date "2010.04.09"]
[Round "6.16"]
[White "Roche, Stephen"]
[Black "Jones, Peter"]
[Result "1-0"]
[WhiteElo "1168"]
[BlackElo "1834"]
[PlyCount "79"]
[EventDate "2010.04.07"]
[EventType "swiss"]
[EventRounds "9"]
[EventCountry "AUS"]
[SourceDate "2010.04.07"]

1. e4 Nf6 2. Nc3 d6 3. d4 Bd7 4. Nf3 Nc6 5. Bc4 e6 6. O-O d5 7. exd5 exd5 8.
Nxd5 Nxd5 9. Bxd5 Be7 10. Re1 O-O 11. c3 Bg4 12. Bb3 Na5 13. Bc2 Bd6 14. b4 Nc6
15. Qd3 g6 16. Bb3 Re8 17. Bg5 Qd7 18. Bf6 Rxe1+ 19. Rxe1 Be7 20. Ne5 Nxe5 21.
Bxe5 Bf5 22. Qe3 Re8 23. Bf6 Be6 24. Bxe6 Qd6 25. Bxf7+ Kxf7 26. Bxe7 Rxe7 27.
Qxe7+ Qxe7 28. Rxe7+ Kxe7 29. f3 Ke6 30. Kf2 Kd5 31. Ke3 Kc4 32. Kd2 b6 33. a4
b5 34. axb5 Kxb5 35. Kd3 Ka4 36. Kc4 a6 37. d5 h6 38. h4 h5 39. f4 a5 40. Kc5
1-0

[Event "Sydney International Challengers"]
[Site "Parramatta, NSW"]
[Date "2010.04.09"]
[Round "6.17"]
[White "Nakauchi, Kenji"]
[Black "Stahnke, Axel"]
[Result "0-1"]
[WhiteElo "1262"]
[BlackElo "1412"]
[PlyCount "92"]
[EventDate "2010.04.07"]
[EventType "swiss"]
[EventRounds "9"]
[EventCountry "AUS"]
[SourceDate "2010.04.07"]

1. d4 Nf6 2. c4 c6 3. Nc3 e6 4. e3 d5 5. Bd3 Nbd7 6. Nf3 Bd6 7. O-O O-O 8. cxd5
exd5 9. Qc2 Re8 10. Re1 Nf8 11. Bd2 Bg4 12. Be2 Ne4 13. h3 Bh5 14. Rad1 Bg6 15.
Bd3 Rc8 16. Qb3 Qe7 17. Be2 f5 18. Bc1 Bf7 19. Nd2 Nxf2 20. Kxf2 Qxe3+ 21. Kf1
Qxd4 22. Nde4 Qe5 23. Nxd6 Qxd6 24. Qxb7 Qh2 25. Qxa7 Ng6 26. Qg1 Qd6 27. Qf2
c5 28. Kg1 d4 29. b3 Qf6 30. Nb5 Bd5 31. Bf3 Bf7 32. Rxe8+ Rxe8 33. Qc2 Qb6 34.
Na3 Ne5 35. Qxf5 Qa7 36. Nb5 Qb6 37. Be2 d3 38. Bxd3 c4+ 39. Kh1 Nxd3 40. Nc3
Nf2+ 41. Kh2 Nxd1 42. Nxd1 Qd6+ 43. Qf4 Qxd1 44. bxc4 Qc2 45. Qg5 Qxc4 46. Bb2
Qc7+ 0-1